[Event "Turkey Cup 2019"]
[Site "Belek"]
[Date "2019.01.29"]
[Round "4.88"]
[White "Percin, Onder"]
[Black "Ustaoglu, Baran"]
[Result "1-0"]
[WhiteElo "2084"]
[BlackElo "1194"]
[Annotator "NA"]
[PlyCount "129"]
[EventDate "2019.01.27"]
[EventType "swiss"]
[EventCountry "TUR"]
[SourceTitle "playchess.com"]
[Source "ChessBase"]
[SourceQuality "1"]

1. e4 c5 2. Nc3 Nc6 3. g3 g6 4. Bg2 Bg7 5. d3 d6 6. f4 e6 7. Nf3 Nge7 8. O-O O-O 9. Be3 Rb8 10. Qd2 b5 11. Rfe1 b4 12. Nd1 Qb6 13. Qf2 e5 14. Kh1 a5 15. Rb1 Kh8 16. fxe5 Nxe5 17. Nxe5 Bxe5 18. Bh6 Bg7 19. Bxg7+ Kxg7 20. Ne3 Be6 21. Nd5 Bxd5 22. exd5 Rbe8 23. Re4 Ng8 24. Rf1 Qd8 25. Rc4 Re5 26. d4 Rf5 27. Qg1 Rxf1 28. Qxf1 cxd4 29. Kg1 Ne7 30. Qf4 Qb6 31. Qxd4+ Qxd4+ 32. Rxd4 Rc8 33. Rd2 Rc5 34. Kf2 Kf6 35. g4 Kg5 36. Kg3 h5 37. h4+ Kf6 38. g5+ Kg7 39. Be4 Rc4 40. Kf4 Nf5 41. b3 Rc3 42. Bxf5 gxf5 43. Kxf5 Rh3 44. Rd4 Rh2 45. Rc4 Rh1 46. Rc6 Rxh4 47. Rxd6 Rh1 48. Ra6 Rc1 49. Rxa5 Rxc2 50. d6 h4 51. Rd5 Rc8 52. Rd4 h3 53. Rh4 Rd8 54. Ke5 Kg6 55. Rxh3 Kxg5 56. Rg3+ Kh6 57. Rd3 Kg7 58. d7 f5 59. Ke6 Kf8 60. Rf3 Ra8 61. Rxf5+ Kg8 62. Ke7 Ra7 63. Ra5 Rb7 64. Ra8+ Kg7 65. Kd6 1-0

[Event "Turkey Cup 2019"]
[Site "Belek"]
[Date "2019.01.29"]
[Round "4.89"]
[White "Erkam, Hakan Oguzcan"]
[Black "Sayin, Atakan"]
[Result "1-0"]
[WhiteElo "1483"]
[BlackElo "1921"]
[Annotator "NA RC"]
[PlyCount "69"]
[EventDate "2019.01.27"]
[EventType "swiss"]
[EventCountry "TUR"]
[SourceTitle "playchess.com"]
[Source "ChessBase"]
[SourceQuality "1"]

1. d4 Nf6 2. Nf3 e6 3. Bf4 d5 4. e3 c5 5. c3 Qb6 6. Qb3 c4 7. Qc2 Bd6 8. Bxd6 Qxd6 9. Nbd2 Nc6 10. Be2 b5 11. O-O O-O 12. b3 e5 13. dxe5 Nxe5 14. Rfd1 Bg4 15. bxc4 bxc4 16. Nxc4 Nxc4 17. Bxc4 Bxf3 18. gxf3 Qc5 19. Bb3 Rac8 20. Rd3 Rfe8 21. Rad1 Re5 22. Qd2 Rg5+ 23. Kf1 Rd8 24. e4 Qc8 25. Qxg5 h6 26. Qg2 Qa6 27. c4 Re8 28. exd5 Re5 29. f4 Rf5 30. d6 Nd7 31. Qe4 g6 32. Qe8+ Kh7 33. Qxd7 Rxf4 34. Qb5 Qa3 35. Qe5 1-0

[Event "Turkey Cup 2019"]
[Site "Belek"]
[Date "2019.01.29"]
[Round "4.90"]
[White "Bek, Emir"]
[Black "Odabasi, Nail"]
[Result "1-0"]
[WhiteElo "1844"]
[BlackElo "1525"]
[Annotator "NA"]
[PlyCount "71"]
[EventDate "2019.01.27"]
[EventType "swiss"]
[EventCountry "TUR"]
[SourceTitle "playchess.com"]
[Source "ChessBase"]
[SourceQuality "1"]

1. d4 d5 2. c4 Nc6 3. Nf3 Bg4 4. e3 Nf6 5. Nc3 e6 6. Bd2 Be7 7. Be2 O-O 8. O-O Ne4 9. cxd5 Nxc3 10. bxc3 Qxd5 11. h3 Bf5 12. c4 Qd7 13. Qb3 b6 14. Ne1 Rab8 15. Bd3 Bxd3 16. Nxd3 a5 17. Rab1 Bd6 18. Qb5 Rfd8 19. Rb2 f6 20. f4 Qe8 21. Rfb1 e5 22. fxe5 fxe5 23. d5 Qg6 24. Rb3 Na7 25. Qa6 Ra8 26. c5 bxc5 27. Rb7 e4 28. Nf4 Bxf4 29. Qxg6 hxg6 30. exf4 Rxd5 31. Bxa5 Nc6 32. Bc3 Rxa2 33. Rxc7 Nd4 34. Kh2 Ne6 35. Re7 Nxf4 36. Rxg7+ 1-0

[Event "Turkey Cup 2019"]
[Site "Belek"]
[Date "2019.01.29"]
[Round "4.91"]
[White "Pulat, Gulce"]
[Black "Suzan, Ufuk"]
[Result "1-0"]
[WhiteElo "1554"]
[BlackElo "1831"]
[Annotator "NA"]
[PlyCount "57"]
[EventDate "2019.01.27"]
[EventType "swiss"]
[EventCountry "TUR"]
[SourceTitle "playchess.com"]
[Source "ChessBase"]
[SourceQuality "1"]

1. e4 e5 2. Nf3 Nf6 3. Nxe5 d6 4. Nf3 Nxe4 5. Nc3 Nxc3 6. dxc3 Be7 7. Be3 Nc6 8. Qd2 Be6 9. Bd3 Ne5 10. Nxe5 dxe5 11. O-O O-O 12. f4 exf4 13. Bxf4 Bd6 14. Rae1 Bxf4 15. Qxf4 c6 16. Qe4 g6 17. Qb4 Qc7 18. b3 c5 19. Qh4 Qa5 20. c4 Qb6 21. Qf6 Rad8 22. Rf4 Rd6 23. Bxg6 h6 24. Bh5 Qd8 25. Rxe6 Rd1+ 26. Bxd1 Qxd1+ 27. Rf1 Qxc2 28. Re3 Kh7 29. Rg3 1-0

[Event "Turkey Cup 2019"]
[Site "Belek"]
[Date "2019.01.29"]
[Round "4.92"]
[White "Hanci, Ilker"]
[Black "Onur, Cem"]
[Result "1-0"]
[WhiteElo "1615"]
[BlackElo "1885"]
[Annotator "NA"]
[PlyCount "109"]
[EventDate "2019.01.27"]
[EventType "swiss"]
[EventCountry "TUR"]
[SourceTitle "playchess.com"]
[Source "ChessBase"]
[SourceQuality "1"]

1. e4 c5 2. Nf3 Nc6 3. d4 cxd4 4. Nxd4 e6 5. Nc3 a6 6. Be2 Qc7 7. O-O Nf6 8. Nxc6 bxc6 9. Be3 d5 10. exd5 cxd5 11. Na4 Rb8 12. c4 dxc4 13. Rc1 Bd6 14. Rxc4 Qe7 15. Nb6 Bb7 16. Qa4+ Nd7 17. Rfc1 Rd8 18. Nc8 Bxc8 19. Rxc8 O-O 20. Qxa6 Qh4 21. Qxd6 Rxc8 22. Qxd7 Rxc1+ 23. Bxc1 Rd8 24. Qb5 Qe4 25. Be3 Qb1+ 26. Bf1 Qxa2 27. g3 h6 28. Qe5 Rd5 29. Qc3 Qb1 30. Qc1 Qf5 31. Bg2 Rd8 32. h3 Qh5 33. Kh2 Qe2 34. Qc7 Re8 35. Bc6 Qc4 36. Bb6 Rf8 37. Bb7 Qe2 38. Bc5 Qc2 39. Qd6 Re8 40. Qe5 f6 41. Qc3 Qf5 42. Be3 e5 43. Qc4+ Kh8 44. Be4 Qd7 45. Bc2 Rb8 46. Qe4 f5 47. Qxe5 Rf8 48. Bxh6 Kh7 49. Bf4 g6 50. Be3 Rc8 51. Bb3 Qb7 52. Bd4 Rd8 53. Bc3 Qa7 54. Qf4 Qc5 55. Qh4# 1-0

[Event "Turkey Cup 2019"]
[Site "Belek"]
[Date "2019.01.29"]
[Round "4.93"]
[White "Yilmaz, Mehmet Berat"]
[Black "Kazik, Oguz Kagan"]
[Result "0-1"]
[WhiteElo "1374"]
[BlackElo "1771"]
[Annotator "NA"]
[PlyCount "73"]
[EventDate "2019.01.27"]
[EventType "swiss"]
[EventCountry "TUR"]
[SourceTitle "playchess.com"]
[Source "ChessBase"]
[SourceQuality "1"]

1. e4 c5 2. c3 Nf6 3. e5 Nd5 4. d4 cxd4 5. Nf3 e6 6. cxd4 b6 7. Bc4 Bb7 8. Nc3 Nxc3 9. bxc3 Qc7 10. Qe2 b5 11. Rb1 bxc4 12. O-O Be7 13. Nd2 O-O 14. f4 d6 15. Ne4 dxe5 16. fxe5 Qc6 17. Rxb7 Qxb7 18. Nf6+ Bxf6 19. exf6 g6 20. Qe3 Nd7 21. Qh6 Nxf6 22. Rxf6 Rab8 23. Bf4 Qb1+ 24. Kf2 Rb2+ 25. Kg3 Qe1+ 26. Kh3 Qe2 27. Kh4 Qf2+ 28. Kh3 Qxg2+ 29. Kh4 Qf2+ 30. Kg4 Qg1+ 31. Kh3 Qf1+ 32. Kg4 Rg2+ 33. Kh4 Rxh2+ 34. Bxh2 Qxf6+ 35. Kh3 Qf3+ 36. Kh4 f6 37. Bg3 0-1

[Event "Turkey Cup 2019"]
[Site "Belek"]
[Date "2019.01.29"]
[Round "4.94"]
[White "Atabey, Koray Ibrahim"]
[Black "Elalmis, Husamettin"]
[Result "0-1"]
[WhiteElo "1482"]
[BlackElo "1754"]
[Annotator "NA"]
[PlyCount "94"]
[EventDate "2019.01.27"]
[EventType "swiss"]
[EventCountry "TUR"]
[SourceTitle "playchess.com"]
[Source "ChessBase"]
[SourceQuality "1"]

1. d4 Nf6 2. c4 g6 3. Nc3 Bg7 4. Nf3 O-O 5. e4 d6 6. Bd3 e5 7. O-O Nc6 8. d5 Ne7 9. Bg5 h6 10. Be3 Ng4 11. Bd2 f5 12. h3 Nf6 13. Nh2 f4 14. Be2 g5 15. Bg4 Nxg4 16. Nxg4 a6 17. b4 h5 18. Nh2 Qe8 19. f3 Kh7 20. c5 Ng8 21. a4 Nf6 22. cxd6 cxd6 23. Qe2 Qg6 24. Rac1 Rg8 25. Rfe1 Bh6 26. Na2 Rg7 27. Rc2 Bd7 28. b5 g4 29. hxg4 hxg4 30. Nxg4 Bxg4 31. fxg4 Nxg4 32. Qf3 axb5 33. axb5 Qh5 34. Bb4 Qh2+ 35. Kf1 Ne3+ 36. Rxe3 fxe3 37. Qf5+ Kh8 38. Rc8+ Rxc8 39. Qxc8+ Rg8 40. Qh3 Qf4+ 41. Qf3 Qh4 42. Bxd6 Qh1+ 43. Ke2 Rxg2+ 44. Kd3 Rd2+ 45. Kc4 Qxf3 46. Bxe5+ Kg8 47. Nc3 e2 0-1

[Event "Turkey Cup 2019"]
[Site "Belek"]
[Date "2019.01.29"]
[Round "4.95"]
[White "Bulut, Muhammed"]
[Black "Nardemir, Ismail"]
[Result "1-0"]
[WhiteElo "1731"]
[BlackElo "1535"]
[Annotator "NA"]
[PlyCount "147"]
[EventDate "2019.01.27"]
[EventType "swiss"]
[EventCountry "TUR"]
[SourceTitle "playchess.com"]
[Source "ChessBase"]
[SourceQuality "1"]

1. e4 e6 2. d4 c6 3. Bd3 d5 4. exd5 exd5 5. Ne2 h6 6. Bf4 Nf6 7. h3 Bd6 8. Qd2 Nh5 9. Bxd6 Qxd6 10. Nbc3 O-O 11. g4 Nf6 12. Rg1 Nh7 13. O-O-O Ng5 14. Rg3 Na6 15. f4 Nxh3 16. Rxh3 Bxg4 17. Rg3 h5 18. Rdg1 Nb4 19. f5 Nxd3+ 20. Qxd3 Rfe8 21. R3g2 b5 22. Qd2 Kh7 23. Nf4 g6 24. Rxg4 hxg4 25. Rh1+ Kg7 26. Ne6+ Rxe6 27. Qh6+ Kf6 28. fxe6 Qxe6 29. Rg1 Qf5 30. Qh2 Kg5 31. Rh1 Qf4+ 32. Qxf4+ Kxf4 33. Rf1+ Kg5 34. Rxf7 g3 35. Ne2 Kg4 36. Nxg3 Kxg3 37. Rg7 Kf4 38. Rxg6 Ke4 39. c3 Rc8 40. Kc2 Kf5 41. Rg7 a5 42. a4 c5 43. Kd3 cxd4 44. Kxd4 Rc4+ 45. Kxd5 Rxa4 46. Rb7 b4 47. cxb4 axb4 48. Kc4 Ke6 49. b3 Ra1 50. Kxb4 Kd6 51. Kb5 Ra3 52. b4 Ra1 53. Kb6 Ra4 54. b5 Ra8 55. Rg7 Rb8+ 56. Ka6 Kc5 57. Rg5+ Kd6 58. Rg1 Kc5 59. Rc1+ Kd6 60. b6 Ra8+ 61. Kb7 Ra3 62. Rd1+ Ke7 63. Kb8 Ra4 64. b7 Ra3 65. Rd4 Ra2 66. Rd5 Ke6 67. Rd3 Ke7 68. Rb3 Kd7 69. Rd3+ Ke7 70. Rd4 Ra1 71. Kc7 Rc1+ 72. Kb6 Rb1+ 73. Kc6 Rc1+ 74. Kb5 1-0

[Event "Turkey Cup 2019"]
[Site "Belek"]
[Date "2019.01.29"]
[Round "4.96"]
[White "Deveci, Halit"]
[Black "Arslanargun, Zana"]
[Result "1/2-1/2"]
[WhiteElo "1621"]
[BlackElo "1773"]
[Annotator "NA"]
[PlyCount "89"]
[EventDate "2019.01.27"]
[EventType "swiss"]
[EventCountry "TUR"]
[SourceTitle "playchess.com"]
[Source "ChessBase"]
[SourceQuality "1"]

1. e4 c5 2. Nf3 Nc6 3. d4 cxd4 4. Nxd4 Nf6 5. Nc3 Qc7 6. Be2 e6 7. O-O a6 8. Be3 Be7 9. f4 d6 10. a4 O-O 11. Qe1 Nxd4 12. Bxd4 e5 13. Be3 Be6 14. Qf2 exf4 15. Bxf4 Nd7 16. Qg3 Ne5 17. Bh6 Ng6 18. Bg5 Bxg5 19. Qxg5 Qb6+ 20. Kh1 Qxb2 21. Nd5 Qxc2 22. Bf3 Bxd5 23. Qxd5 Qc6 24. Qd2 Ne5 25. Rfc1 Qd7 26. Rd1 Nxf3 27. gxf3 Rad8 28. a5 Qh3 29. Qg2 Qxg2+ 30. Kxg2 f5 31. Rab1 fxe4 32. fxe4 Rf7 33. Rb6 Rdd7 34. Rbxd6 Rxd6 35. Rxd6 Kf8 36. Kg3 Rc7 37. Kf4 Rc5 38. Rd7 Rxa5 39. Rxb7 Rh5 40. Rb8+ Ke7 41. Rb7+ Ke8 42. Rxg7 Rxh2 43. Ra7 Rh4+ 44. Kg5 Rxe4 45. Rxa6 1/2-1/2

[Event "Turkey Cup 2019"]
[Site "Belek"]
[Date "2019.01.30"]
[Round "5.1"]
[White "Kiremitciyan, Ari"]
[Black "Yilmazyerli, Mert"]
[Result "1/2-1/2"]
[WhiteElo "2253"]
[BlackElo "2436"]
[Annotator "TA"]
[PlyCount "58"]
[EventDate "2019.01.27"]
[EventType "swiss"]
[EventCountry "TUR"]
[SourceTitle "playchess.com"]
[Source "ChessBase"]
[SourceQuality "1"]

1. e4 c5 2. Nc3 a6 3. g3 b5 4. Bg2 Bb7 5. d3 e6 6. Nh3 b4 7. Nb1 d5 8. Nd2 Nc6 9. O-O Nf6 10. exd5 Nxd5 11. Nc4 Be7 12. Nf4 Nf6 13. Re1 O-O 14. Ne5 Qc7 15. Qf3 Na5 16. Qe2 Bxg2 17. Nxg2 Nc6 18. Nxc6 Qxc6 19. Ne3 Nd5 20. Qf3 Bf6 21. Nc4 a5 22. a4 bxa3 23. Rxa3 a4 24. Bd2 Qb5 25. c3 Rad8 26. Rea1 Nb6 27. Nxb6 Qxb6 28. R1a2 Qb5 29. c4 Qd7 1/2-1/2

[Event "Turkey Cup 2019"]
[Site "Belek"]
[Date "2019.01.30"]
[Round "5.2"]
[White "Kilic, Efe Mert"]
[Black "Kamer, Kayra"]
[Result "0-1"]
[WhiteElo "2241"]
[BlackElo "2417"]
[Annotator "RC"]
[PlyCount "116"]
[EventDate "2019.01.27"]
[EventType "swiss"]
[EventCountry "TUR"]
[SourceTitle "playchess.com"]
[Source "ChessBase"]
[SourceQuality "1"]

1. e4 c5 2. Nf3 e6 3. d4 cxd4 4. Nxd4 a6 5. Bd3 Bc5 6. Nb3 Be7 7. Qg4 g6 8. Qe2 d6 9. O-O Nd7 10. a4 b6 11. Na3 Bb7 12. Nc4 Qc7 13. a5 b5 14. Nb6 Nxb6 15. axb6 Qxb6 16. Be3 Qc7 17. Rfc1 Nf6 18. c4 bxc4 19. Bxc4 Qd7 20. Bh6 Nxe4 21. Bxa6 Rxa6 22. Rxa6 Bxa6 23. Qxa6 f5 24. Qa8+ Bd8 25. Ra1 Kf7 26. Ra7 Be7 27. Qxh8 Qxa7 28. Be3 Qa2 29. Nc1 Qb1 30. Qxh7+ Ke8 31. Qxg6+ Kd7 32. Qg7 f4 33. Bxf4 Qc2 34. Qd4 e5 35. Qa7+ Ke6 36. Qa2+ Kf6 37. Bxe5+ dxe5 38. Qa6+ Kg7 39. Qf1 Nxf2 40. h3 Bc5 41. Kh2 e4 42. Ne2 Qxb2 43. Qe1 Qe5+ 44. g3 Nd3 45. Qb1 Qf5 46. Qb7+ Kh6 47. Qa6+ Kg5 48. Qa2 Qf2+ 49. Kh1 Kf6 50. Qa6+ Bb6 51. Qa1+ Kg6 52. Qa2 Kg7 53. Qa1+ Kh7 54. Qd1 Qf3+ 55. Kh2 Qf2+ 56. Kh1 Kh6 57. Qg1 Qf3+ 58. Qg2 Nf2+ 0-1

[Event "Turkey Cup 2019"]
[Site "Belek"]
[Date "2019.01.30"]
[Round "5.3"]
[White "Aydincelebi, Kagan"]
[Black "Olcum, Ahmet"]
[Result "1/2-1/2"]
[WhiteElo "2206"]
[BlackElo "2320"]
[Annotator "TA"]
[PlyCount "94"]
[EventDate "2019.01.27"]
[EventType "swiss"]
[EventCountry "TUR"]
[SourceTitle "playchess.com"]
[Source "ChessBase"]
[SourceQuality "1"]

1. e4 d6 2. d4 g6 3. Nc3 Bg7 4. Be3 a6 5. Qd2 Nd7 6. h4 Ngf6 7. f3 b5 8. O-O-O Nb6 9. g4 h6 10. Nh3 Bb7 11. Nf4 Nfd7 12. Qf2 b4 13. Nce2 Nc4 14. h5 g5 15. Nd3 c5 16. dxc5 Nxe3 17. Qxe3 Nxc5 18. Nxc5 Qb6 19. Kb1 dxc5 20. Nc1 Qf6 21. Qb3 O-O 22. Bc4 a5 23. a4 bxa3 24. Qxa3 Ba6 25. Bxa6 Rxa6 26. Nd3 c4 27. e5 Qxf3 28. Rhf1 Qh3 29. Rh1 Qf3 30. Rhf1 Qh3 31. Rh1 Qxg4 32. Nc5 Ra7 33. Rhg1 Qc8 34. Qe3 Rc7 35. Ne4 Kh8 36. Nxg5 hxg5 37. Qxg5 Rg8 38. h6 Bf6 39. Qf4 Rc6 40. h7 Rxg1 41. Rxg1 Bg7 42. Qxf7 Qf8 43. Rxg7 Qxf7 44. Rxf7 Re6 45. Kc1 Rxe5 46. Kd2 a4 47. Kc3 Re2 1/2-1/2

[Event "Turkey Cup 2019"]
[Site "Belek"]
[Date "2019.01.30"]
[Round "5.4"]
[White "Gulbeyaz, Emir"]
[Black "Tarlabasi, Emirhan"]
[Result "1/2-1/2"]
[WhiteElo "2179"]
[BlackElo "2264"]
[Annotator "TA"]
[PlyCount "63"]
[EventDate "2019.01.27"]
[EventType "swiss"]
[EventCountry "TUR"]
[SourceTitle "playchess.com"]
[Source "ChessBase"]
[SourceQuality "1"]

1. Nf3 d5 2. d4 Nf6 3. c4 e6 4. cxd5 exd5 5. Nc3 a6 6. Qc2 Bd6 7. Bg5 Be6 8. e3 Nbd7 9. Bd3 h6 10. Bh4 O-O 11. Bg3 Qe7 12. O-O c5 13. Bf5 Bxg3 14. hxg3 Rac8 15. Rfd1 b5 16. dxc5 Nxc5 17. Bxe6 fxe6 18. Qg6 Nce4 19. Nxe4 Nxe4 20. Rac1 Qf6 21. Qxf6 gxf6 22. Kf1 Rc4 23. Nd4 Kf7 24. b3 Rcc8 25. Ne2 Ke7 26. f3 Nd6 27. Ke1 Kd7 28. Kd2 b4 29. Rh1 Nf7 30. Nf4 a5 31. g4 Kd6 32. Nh5 1/2-1/2

[Event "Turkey Cup 2019"]
[Site "Belek"]
[Date "2019.01.30"]
[Round "5.5"]
[White "Gokerkan, Cem Kaan"]
[Black "Ozkan, Ervin"]
[Result "1-0"]
[WhiteElo "2420"]
[BlackElo "2150"]
[Annotator "TA"]
[PlyCount "101"]
[EventDate "2019.01.27"]
[EventType "swiss"]
[EventCountry "TUR"]
[SourceTitle "playchess.com"]
[Source "ChessBase"]
[SourceQuality "1"]

1. e4 e5 2. Bc4 Nf6 3. d3 Nc6 4. Nf3 Bc5 5. c3 d6 6. Bb3 a6 7. Nbd2 O-O 8. Nf1 Ne7 9. Ng3 Ng6 10. O-O h6 11. h3 Re8 12. Be3 Be6 13. Qd2 Kh7 14. Bc2 Ba7 15. d4 Qd7 16. Kh2 c6 17. Rad1 Qc7 18. Rfe1 Rad8 19. Qc1 Bb8 20. a4 b5 21. b4 a5 22. Kg1 bxa4 23. Bxa4 Bd7 24. Bc2 Ba7 25. Qa1 axb4 26. dxe5 Bxe3 27. exf6 Bf4 28. Nh5 Be5 29. Nxe5 Rxe5 30. Nxg7 Rg5 31. Rd3 Qb6 32. e5 Kg8 33. Re4 b3 34. Rb4 Qc5 35. Bxb3 Nxe5 36. Re3 Bf5 37. h4 Rxg7 38. fxg7 Ng4 39. Rf3 Qe5 40. Rxg4 Bxg4 41. Rxf7 d5 42. Qa7 Qe6 43. Re7 Qf6 44. Re3 Qxh4 45. Qc7 Ra8 46. Re1 Qf6 47. Qg3 Be6 48. Qd6 Kf7 49. Qxc6 Rc8 50. g8=Q+ Rxg8 51. Rxe6 1-0

[Event "Turkey Cup 2019"]
[Site "Belek"]
[Date "2019.01.30"]
[Round "5.6"]
[White "Arat, Ufuk Sezen"]
[Black "Korkmaz, Necmettin"]
[Result "1-0"]
[WhiteElo "2361"]
[BlackElo "2053"]
[Annotator "TA"]
[PlyCount "157"]
[EventDate "2019.01.27"]
[EventType "swiss"]
[EventCountry "TUR"]
[SourceTitle "playchess.com"]
[Source "ChessBase"]
[SourceQuality "1"]

1. Nf3 d5 2. c4 c6 3. g3 Nf6 4. Bg2 g6 5. b3 Bg7 6. Bb2 O-O 7. O-O Bg4 8. d4 Bxf3 9. Bxf3 Ne4 10. Nd2 f5 11. Bg2 Nd7 12. cxd5 cxd5 13. Nf3 Qa5 14. Qe1 Qa6 15. e3 Rfc8 16. Qd1 Rc6 17. Ne1 Rac8 18. Nd3 Qb6 19. Re1 e6 20. f3 Nd6 21. Rc1 Rxc1 22. Bxc1 Qc6 23. Nb4 Qb5 24. Bd2 a5 25. Bf1 Qb6 26. Nd3 Qc7 27. Qb1 b6 28. Nf4 Qc2 29. Qxc2 Rxc2 30. Re2 Kf7 31. Be1 Rc1 32. Nd3 Rc8 33. Rb2 e5 34. dxe5 Nxe5 35. Nxe5+ Bxe5 36. Rb1 Bc3 37. Bf2 Bb4 38. Bd3 Ba3 39. Rd1 Rc1 40. Rxc1 Bxc1 41. Kf1 Ba3 42. Ke2 Bc5 43. h3 Ke6 44. g4 g5 45. Bg3 fxg4 46. hxg4 h6 47. Bh7 d4 48. Bg8+ Kf6 49. exd4 Ba3 50. Be5+ Ke7 51. Kd3 Ne8 52. Kc4 Nd6+ 53. Kd5 b5 54. Kc6 a4 55. Bh7 axb3 56. axb3 Nf7 57. Bg3 Bb2 58. Kc5 b4 59. Be4 Bc3 60. Bd5 Bb2 61. Be4 Bc3 62. Bd5 Nd8 63. Be5 Nf7 64. Bg7 Bd2 65. Bxf7 Kxf7 66. Be5 Bc3 67. Kc4 Kg6 68. Bg3 h5 69. gxh5+ Kxh5 70. d5 g4 71. fxg4+ Kxg4 72. Bd6 Kf5 73. Bxb4 Bg7 74. Bd6 Bh6 75. b4 Be3 76. Kb5 Ke4 77. Kc6 Bf2 78. b5 Be3 79. Bc7 1-0

[Event "Turkey Cup 2019"]
[Site "Belek"]
[Date "2019.01.30"]
[Round "5.7"]
[White "Ozen, Bahadir"]
[Black "Ererdem, Gani Eren"]
[Result "1/2-1/2"]
[WhiteElo "2349"]
[BlackElo "2137"]
[Annotator "TA"]
[PlyCount "37"]
[EventDate "2019.01.27"]
[EventType "swiss"]
[EventCountry "TUR"]
[SourceTitle "playchess.com"]
[Source "ChessBase"]
[SourceQuality "1"]

1. Nf3 Nf6 2. c4 e6 3. e3 b6 4. b3 Bb7 5. Bb2 c5 6. Be2 Be7 7. O-O O-O 8. d4 cxd4 9. Nxd4 d5 10. cxd5 Nxd5 11. Nc3 Nd7 12. Nxd5 Bxd5 13. Bf3 Nf6 14. Nc6 Bxc6 15. Bxc6 Qxd1 16. Rfxd1 Rac8 17. Rac1 Rfd8 18. Rxd8+ Rxd8 19. Bb5 1/2-1/2

[Event "Turkey Cup 2019"]
[Site "Belek"]
[Date "2019.01.30"]
[Round "5.8"]
[White "Sevgi, Volkan"]
[Black "Erdogan, Anil Berk"]
[Result "1/2-1/2"]
[WhiteElo "2292"]
[BlackElo "2090"]
[Annotator "NA RC"]
[PlyCount "98"]
[EventDate "2019.01.27"]
[EventType "swiss"]
[EventCountry "TUR"]
[SourceTitle "playchess.com"]
[Source "ChessBase"]
[SourceQuality "1"]

1. e4 e6 2. d4 d5 3. Nd2 c5 4. Ngf3 cxd4 5. Nxd4 Nc6 6. Bb5 Bd7 7. Nxc6 Bxc6 8. Qe2 Qa5 9. Bxc6+ bxc6 10. O-O Nf6 11. c4 Be7 12. a3 O-O 13. Rb1 dxe4 14. b4 Qa4 15. Bb2 Qc2 16. Rfc1 Qd3 17. Re1 a5 18. Bxf6 Qxe2 19. Rxe2 gxf6 20. Nxe4 axb4 21. axb4 Rfb8 22. g4 Rxb4 23. Rxb4 Bxb4 24. Nxf6+ Kg7 25. Nh5+ Kf8 26. Kg2 Bc3 27. Ng3 Ra4 28. Re4 c5 29. Ne2 Bb2 30. f4 Ra3 31. h4 Ke7 32. Ng1 Bd4 33. Nf3 Ra2+ 34. Kg3 Ra3 35. Re2 Rc3 36. Ra2 e5 37. Ra7+ Kf8 38. fxe5 Bxe5+ 39. Kf2 Bf4 40. Ra4 Rc2+ 41. Ke1 h6 42. Kf1 Bg3 43. Kg1 Bf2+ 44. Kf1 Bg3 45. Kg1 Kg7 46. h5 Bf4 47. Kf1 Bg3 48. Kg1 Bf4 49. Kf1 Bg3 1/2-1/2

[Event "Turkey Cup 2019"]
[Site "Belek"]
[Date "2019.01.30"]
[Round "5.9"]
[White "Ozenir, Ekin Baris"]
[Black "Koc, Ilkay"]
[Result "1-0"]
[WhiteElo "2267"]
[BlackElo "2000"]
[Annotator "TA"]
[PlyCount "137"]
[EventDate "2019.01.27"]
[EventType "swiss"]
[EventCountry "TUR"]
[SourceTitle "playchess.com"]
[Source "ChessBase"]
[SourceQuality "1"]

1. d4 e6 2. c4 Nf6 3. Nc3 Bb4 4. e3 O-O 5. Bd3 d5 6. Nf3 c5 7. O-O Nc6 8. cxd5 exd5 9. dxc5 Bxc5 10. h3 h6 11. b3 Qe7 12. Bb2 Be6 13. Rc1 Rfd8 14. Ne2 Ne4 15. Nfd4 Nxd4 16. Nxd4 Bd7 17. Qh5 Bxd4 18. Bxd4 Qg5 19. Qxg5 Nxg5 20. b4 a6 21. h4 Ne6 22. Bb6 Rdc8 23. Be2 Kf8 24. Bf3 Bb5 25. Rfd1 Bc4 26. Bxd5 Bxd5 27. Rxc8+ Rxc8 28. Rxd5 Ke8 29. f4 Rc6 30. Bd4 Rc2 31. a4 g6 32. g4 Rc4 33. Bf6 Rxb4 34. Kf2 Rxa4 35. f5 Rxg4 36. fxe6 fxe6 37. Rd8+ Kf7 38. Kf3 Rb4 39. Bd4 Rb5 40. Rd7+ Ke8 41. Rh7 h5 42. Rg7 e5 43. Bc3 Rc5 44. Bb2 Rb5 45. Ba3 Ra5 46. Bd6 Rd5 47. Ba3 b5 48. Rxg6 a5 49. Bb2 Kf7 50. Rg5 b4 51. Rxe5 Rd2 52. Bd4 a4 53. Rb5 b3 54. Rb4 Ra2 55. Ke4 Ke6 56. Kf4 Kd5 57. e4+ Ke6 58. Ke3 Rh2 59. Rxa4 Rxh4 60. Rb4 Rh1 61. Kf4 Rh4+ 62. Kf3 Rh1 63. Rb6+ Kf7 64. e5 h4 65. e6+ Ke7 66. Bc5+ Kf6 67. e7+ Kf7 68. Rf6+ Kxf6 69. e8=Q 1-0

[Event "Turkey Cup 2019"]
[Site "Belek"]
[Date "2019.01.30"]
[Round "5.10"]
[White "Gunduz, Umut Erdem"]
[Black "Buker, Muhittin"]
[Result "1-0"]
[WhiteElo "2255"]
[BlackElo "1978"]
[Annotator "NA RC"]
[PlyCount "81"]
[EventDate "2019.01.27"]
[EventType "swiss"]
[EventCountry "TUR"]
[SourceTitle "playchess.com"]
[Source "ChessBase"]
[SourceQuality "1"]

1. e4 e5 2. Nf3 Nc6 3. Bb5 a6 4. Ba4 Nf6 5. O-O Be7 6. Re1 b5 7. Bb3 d6 8. c3 O-O 9. h3 Na5 10. Bc2 c5 11. d4 Qc7 12. d5 Bd7 13. b3 c4 14. Ba3 Rfe8 15. Nxe5 cxb3 16. axb3 Bf8 17. Nf3 Nb7 18. Qd4 a5 19. Bb2 Nc5 20. Nbd2 a4 21. b4 Na6 22. Qd3 g6 23. Nd4 Qb7 24. Kh2 Bg7 25. f4 Nc7 26. g4 a3 27. Bc1 Nfxd5 28. N2f3 Nb6 29. Rxa3 Nc4 30. Rxa8 Rxa8 31. Bb3 d5 32. e5 Re8 33. Bc2 Qa7 34. Kg3 Na8 35. h4 Nab6 36. h5 Qb8 37. hxg6 hxg6 38. e6 fxe6 39. Qxg6 e5 40. Ng5 Re7 41. Rh1 1-0

[Event "Turkey Cup 2019"]
[Site "Belek"]
[Date "2019.01.30"]
[Round "5.11"]
[White "Yuksel, Atilla Koksal"]
[Black "Sakalli, Mustafa"]
[Result "1-0"]
[WhiteElo "2236"]
[BlackElo "1955"]
[Annotator "TA"]
[PlyCount "55"]
[EventDate "2019.01.27"]
[EventType "swiss"]
[EventCountry "TUR"]
[SourceTitle "playchess.com"]
[Source "ChessBase"]
[SourceQuality "1"]

1. e4 c6 2. d4 g6 3. Nc3 Bg7 4. Nf3 d5 5. e5 Nh6 6. Bf4 f6 7. Qd2 Nf7 8. O-O-O O-O 9. h4 a5 10. Re1 Na6 11. e6 Nd6 12. h5 Ne4 13. Nxe4 dxe4 14. hxg6 hxg6 15. Bh6 Bxe6 16. Bxg7 Kxg7 17. Qh6+ Kf7 18. Qh7+ Ke8 19. Qxg6+ Bf7 20. Qxe4 Nb4 21. a3 Nd5 22. c4 Rc8 23. Rh7 Qd6 24. g3 b5 25. Bh3 Rc7 26. c5 Qd8 27. Rxf7 Rxf7 28. Be6 1-0

[Event "Turkey Cup 2019"]
[Site "Belek"]
[Date "2019.01.30"]
[Round "5.12"]
[White "Eren, Ataberk"]
[Black "Buke, Furkan"]
[Result "1-0"]
[WhiteElo "2171"]
[BlackElo "2044"]
[Annotator "TA"]
[PlyCount "67"]
[EventDate "2019.01.27"]
[EventType "swiss"]
[EventCountry "TUR"]
[SourceTitle "playchess.com"]
[Source "ChessBase"]
[SourceQuality "1"]

1. d4 Nf6 2. c4 e6 3. Nc3 Bb4 4. e3 O-O 5. Nge2 c6 6. a3 Ba5 7. Ng3 d5 8. cxd5 exd5 9. Bd3 Re8 10. Qc2 Bc7 11. O-O Nbd7 12. Bd2 Nf8 13. f3 h5 14. Rfe1 h4 15. Nf1 Ne6 16. h3 g5 17. b4 Nh5 18. Ne2 Ng3 19. Nexg3 hxg3 20. b5 g4 21. fxg4 Qh4 22. bxc6 b6 23. Bf5 Ng5 24. e4 Bxf5 25. Bxg5 Qxg5 26. exf5 b5 27. Qd3 Ba5 28. Rxe8+ Rxe8 29. Qxg3 Qf6 30. Rd1 Qxc6 31. Qf4 Qc3 32. Qg5+ Kf8 33. f6 Re6 34. Qg7+ 1-0